Zespoły występujące w Bundeslidze w XXI w. - Statystyki

Ogólne statystyki
  • Ten quiz został rozwiązany 300 razy
    65 od ostatniego zresetowania
  • Średni wynik to 21 z 39
Statystyki odpowiedzi
Ilość Sezonów Sezony Mistrzostwo w XXI w. Obecnie występuje w: Klub % Poprawnych
25 00/01-24/25 16 Bundesliga Bayern Monachium
96%
25 00/01-24/25 3 Bundesliga Borussia Dortmund
96%
25 00/01-24/25 1 Bundesliga Bayer Leverkusen
95%
22 00/01-20/21 22/23 - 2.Bundesliga FC Schalke 04
87%
9 16/17-24/25 - Bundesliga RB Lipsk
84%
23 00/01-15/16 17/18-18/19 20/21-24/25 1 Bundesliga VfB Stuttgart
84%
25 00/01-24/25 1 Bundesliga VFL Wolfsburg
80%
6 19/20-24/25 - Bundesliga 1.FC Union Berlin
78%
17 00/01-01/02 03/04 05/06 08/09-11/12 14/15-17/18 19/20-23/24 - 2.Bundesliga FC Koeln
78%
21 00/01-09/10 11/12 13/14-22/23 - 2.Bundesliga Hertha Berlin
78%
24 00/01-20/21 22/23-24/25 1 Bundesliga Werder Brema
78%
23 01/02-06/07 08/09-24/25 - Bundesliga Borussia Moenchengladbach
76%
18 00/01-17/18 - 2.Bundesliga Hamburger SV
76%
21 00/01 03/04 05/06-10/11 12/13-24/25 - Bundesliga Eintracht Frankfurt
71%
17 08/09-24/25 - Bundesliga Hoffenheim
71%
19 04/05-06/07 09/10-24/25 - Bundesliga 1.FSV Mainz 05
67%
8 00/01-05/06 10/11-11/12 - 2.Bundesliga 1.FC Kaiserslautern
60%
19 00/01-01/02 03/04-04/05 09/10-14/15 16/17-24/25 - Bundesliga SC Freiburg
58%
14 11/12-24/25 - Bundesliga FC Augsburg
55%
3 12/13 18/19-19/20 - 2.Bundesliga Fortuna Dusseldorf
53%
12 00/01 02/03-04/05 06/07-09/10 21/22-24/25 - Bundesliga VFL Bochum
53%
12 01/02-02/03 04/05-07/08 09/10-13/14 18/19 - 2.Bundesliga 1.FC Nurnberg
49%
2 23/24-24/25 - Bundesliga 1. FC Heidenheim
47%
1 24/25 - Bundesliga Holstein Kiel
47%
16 02/03-15/16 17/18-18/19 - 2.Bundesliga Hannover 96
45%
3 15/16-16/17 23/24 - 2.Bundesliga SV Darmstadt 98
45%
4 00/01-03/04 - 3.Liga TSV Monachium
40%
8 02/03 04/05-08/09 20/21-21/22 - 3.Liga Arminia Bielefeld
36%
1 13/14 - 2.Bundesliga Eintracht Braunschweig
36%
2 15/16-16/17 - 3.Liga FC Ingolstadt 04
35%
3 01/02 10/11 24/25 - Bundesliga FC St. Pauli
25%
6 00/01-04/05 07/08 - 3.Liga Hansa Rostock
24%
2 14/15 19/20 - 2.Bundesliga SC Padeborn 07
24%
2 12/13 21/22 - 2.Bundesliga Greuther Furth
22%
1 06/07 - 3.Liga Alemania Aachen
18%
2 05/06 07/08 - Regionalliga (4 liga) MSV Duisburg
18%
6 00/01-02/03 06/07-08/09 - 3.Liga Energie Cottbus
15%
1 00/01 - 3.Liga SpVgg Unterhaching
9%
2 07/08-08/09 - 2.Bundesliga Karlsruher SC
7%
Nie znaleziono quizów pasujących do podanych kryteriów
Rozkład punktacji
Procent ludzi z każdym wynikiem
Percentyl według liczby udzielonych odpowiedzi
Twoja historia wyników
Nie rozwiązałeś tego quizu od ostatniego zresetowania